MARC

LEADER 00000nam0a2200000 4500
001 258782
005 20231101233326.0
020 |a RU  |b 88-15235 
035 |a (RuTPU)RU\TPU\book\281670 
090 |a 258782 
100 |a 20140428d1988 km y0rusy5003 ca 
101 0 |a rus 
102 |a RU 
105 |a a g 000zy 
200 1 |a Справочник молодого токаря  |f Б. Г. Зайцев, С. Б. Рыцев 
210 |a Москва  |c Высшая школа  |d 1988 
215 |a 336 с.  |c ил. 
225 1 |a Профессионально-техническое образование 
300 |a На обл. авт. не указаны. 
606 1 |a Токарное дело  |2 stltpush  |3 (RuTPU)RU\TPU\subj\60792  |9 78015 
610 1 |a резцы 
610 1 |a резание 
610 1 |a токарные станки 
610 1 |a токарные станки с ЧПУ 
610 1 |a приспособления 
610 1 |a заготовки 
610 1 |a обработка 
610 1 |a измерительный инструмент 
610 1 |a отверстия 
610 1 |a конические поверхности 
610 1 |a фасонные поверхности 
610 1 |a резьбы 
610 1 |a нарезание 
610 1 |a технологические процессы 
610 1 |a технические нормы 
610 1 |a выработка 
610 1 |a справочники 
675 |a 621.941(035)  |z rus 
700 1 |a Зайцев  |b Б. Г.  |g Борис Григорьевич 
701 1 |a Рыцев  |b С. Б.  |g Сергей Борисович 
801 0 |a RU  |b RuMRKP  |c 19950417  |g psbo 
801 1 |a RU  |b 63413507  |c 20140428 
801 2 |a RU  |b 63413507  |c 20150128  |g RCR 
942 |c BK